| 000 | 00434nam a2200145 a 4500 | ||
|---|---|---|---|
| 001 | 257 | ||
| 003 | CDMR | ||
| 005 | 20150407164202.0 | ||
| 008 | 130130s1973||||||||||||||||||||||||||||d | ||
| 040 |
_aCDMR _bcat _cCDMR |
||
| 100 | 1 |
_9167 _aBatalla, Xavier _d1948-2012 |
|
| 245 | 1 | 0 |
_aAproximación al estudio de concepto y medida de la articulación en la prensa escrita diaria... _cJavier Batalla Garcia |
| 260 |
_aBarcelona _c1973 |
||
| 942 | _cTSN | ||
| 999 |
_c257 _d257 |
||